[Event "XXXV Memorial Edoardo Crespi B"]
[Site "Milano ITA"]
[Date "2014.12.05"]
[Round "2"]
[White "Valtemara, Mattia Angelo"]
[Black "Galliani, William"]
[WhiteElo "1444"]
[BlackElo "1589"]
[Result "1/2-1/2"]
[PlyCount "45"]
[EventDate "2014.12.06"]

1. e4 e5 2. Nf3 Nc6 3. Bc4 Nf6 4. Nc3 Be7 5. d3 h6 6. O-O d6 7. h3 O-O 8. Be3
Na5 9. Bb3 Nxb3 10. axb3 c5 11. Qd2 Kh7 12. Nh2 d5 13. exd5 Nxd5 14. Nxd5 Qxd5
15. f4 exf4 16. Bxf4 Qd4+ 17. Qe3 Qxe3+ 18. Bxe3 b6 19. Rae1 Bf6 20. c3 Ba6 21.
Ng4 Bh4 22. Rd1 Rad8 23. c4 1/2-1/2

[Event "XXXV Memorial Edoardo Crespi B"]
[Site "Milano ITA"]
[Date "2014.12.05"]
[Round "2"]
[White "Versari, Marino"]
[Black "Altissimo, Dino"]
[WhiteElo "1577"]
[BlackElo "1444"]
[Result "1-0"]
[PlyCount "51"]
[EventDate "2014.12.06"]

1. d4 d5 2. c4 c6 3. e3 Nf6 4. Nc3 Bg4 5. Nf3 h6 6. c5 Nbd7 7. Be2 e6 8. O-O
Be7 9. h3 Bh5 10. Re1 Bg6 11. Bd3 Nf8 12. Ne5 Bxd3 13. Qxd3 N8d7 14. Nf3 Nh7
15. a4 a5 16. Rb1 Ng5 17. Nh2 O-O 18. b3 Nf6 19. f4 Nge4 20. Nf3 Nxc3 21. Qxc3
Ne4 22. Qc2 f5 23. g4 Bh4 24. Re2 fxg4 25. hxg4 Qe8 26. Nxh4 1-0

[Event "XXXV Memorial Edoardo Crespi B"]
[Site "Milano ITA"]
[Date "2014.12.05"]
[Round "2"]
[White "Viotti, Alberto"]
[Black "Brisotto, Stefano"]
[WhiteElo "1583"]
[BlackElo "1472"]
[Result "1-0"]
[PlyCount "21"]
[EventDate "2014.12.06"]

1. d4 c5 2. e3 Nf6 3. Nf3 g6 4. c3 Bg7 5. Nbd2 O-O 6. Bd3 Nc6 7. O-O cxd4 8.
exd4 d5 9. Re1 Nh5 10. Nf1 Nf4 11. Bxf4 1-0

[Event "XXXV Memorial Edoardo Crespi B"]
[Site "Milano ITA"]
[Date "2014.12.05"]
[Round "2"]
[White "Zaccheroni, Dario"]
[Black "Cagnotto, Marco"]
[WhiteElo "1599"]
[BlackElo "1560"]
[Result "1-0"]
[PlyCount "61"]
[EventDate "2014.12.06"]

1. d4 Nf6 2. c4 g6 3. Nc3 Bg7 4. e4 d6 5. f3 O-O 6. Be3 e5 7. d5 c6 8. Qd2 cxd5
9. exd5 Bd7 10. Bh6 Na6 11. Bd3 Nc5 12. Bc2 a5 13. a4 Qb6 14. Nb5 Bxb5 15. axb5
Qc7 16. Bxg7 Kxg7 17. Ne2 b6 18. Nc3 Rfe8 19. O-O Nfd7 20. Qg5 f5 21. Bxf5 Nf6
22. Bc2 a4 23. Rae1 Nb3 24. Ne4 Nxe4 25. Rxe4 Qc5+ 26. Kh1 Nd4 27. Bd3 Qb4 28.
Rh4 Rh8 29. Rxh7+ Rxh7 30. Qxg6+ Kf8 31. Qxh7 1-0

[Event "XXXV Memorial Edoardo Crespi B"]
[Site "Milano ITA"]
[Date "2014.12.06"]
[Round "3"]
[White "Aloe, Giancarlo"]
[Black "Nikonov, Maxim"]
[WhiteElo "1631"]
[BlackElo "1449"]
[Result "1-0"]
[PlyCount "37"]
[EventDate "2014.12.06"]

1. d4 Nf6 2. Nf3 d5 3. g3 b6 4. Bg2 Bb7 5. O-O e6 6. Nbd2 Bd6 7. c4 O-O 8. b3
Nbd7 9. Bb2 Rc8 10. Rc1 c5 11. e3 Qc7 12. cxd5 Nxd5 13. Nc4 Qb8 14. a3 Rfd8 15.
Ng5 Ba6 16. Qh5 Nf8 17. Qxf7+ Kh8 18. dxc5 Rd7 19. Bxg7# 1-0

[Event "XXXV Memorial Edoardo Crespi B"]
[Site "Milano ITA"]
[Date "2014.12.06"]
[Round "3"]
[White "Altissimo, Dino"]
[Black "Ciuffreda, Riccardo"]
[WhiteElo "1444"]
[BlackElo "1481"]
[Result "0-1"]
[PlyCount "142"]
[EventDate "2014.12.06"]

1. e4 e5 2. Nf3 Nc6 3. Nc3 Nf6 4. d4 exd4 5. Nxd4 Bc5 6. Nxc6 dxc6 7. Qxd8+
Kxd8 8. Bg5 Ke7 9. f3 Be6 10. O-O-O h6 11. Bf4 Bb6 12. a3 Nh5 13. Bd2 Rad8 14.
Na4 Bd4 15. Bc3 Be3+ 16. Bd2 Bxd2+ 17. Rxd2 Rxd2 18. Kxd2 Nf4 19. g3 Rd8+ 20.
Bd3 Nxd3 21. cxd3 Bc4 22. Nc5 b6 23. Kc3 Bb5 24. a4 bxc5 25. axb5 cxb5 26. b3
a5 27. Ra1 Ra8 28. f4 f6 29. h3 g6 30. g4 Kd6 31. d4 cxd4+ 32. Kxd4 c5+ 33. Kc3
a4 34. b4 c4 35. Rd1+ Ke7 36. Rd5 a3 37. Rd1 Rd8 38. Rh1 Rd3+ 39. Kc2 Re3 40.
f5 g5 41. h4 gxh4 42. Rxh4 Rxe4 43. Rxh6 Rxg4 44. Rh7+ Kd6 45. Ra7 a2 46. Kb2
Rg2+ 47. Ka1 Rf2 48. Ra6+ Ke7 49. Ra7+ Kd8 50. Ra8+ Kc7 51. Ra7+ Kd6 52. Ra6+
Ke7 53. Ra7+ Kf8 54. Ra8+ Kg7 55. Ra7+ Kh6 56. Rc7 Rxf5 57. Rc5 Re5 58. Kxa2
Kg6 59. Rc8 Kf5 60. Kb2 Ke4 61. Rh8 f5 62. Kc3 f4 63. Kd2 Kf3 64. Rh3+ Kg2 65.
Rh7 f3 66. Rg7+ Kf1 67. Rh7 f2 68. Rf7 Rd5+ 69. Kc2 Rd3 70. Rf5 Ke2 71. Re5+
Re3 0-1

[Event "XXXV Memorial Edoardo Crespi B"]
[Site "Milano ITA"]
[Date "2014.12.06"]
[Round "3"]
[White "Baccarin, Stefano"]
[Black "Delle Fave, Fabio"]
[WhiteElo "1673"]
[BlackElo "1782"]
[Result "0-1"]
[PlyCount "94"]
[EventDate "2014.12.06"]

1. e4 c6 2. d4 d5 3. Nc3 dxe4 4. Nxe4 Bf5 5. Ng3 Bg6 6. Nf3 Nd7 7. Bd3 Bxd3 8.
Qxd3 Ngf6 9. O-O e6 10. c4 Bd6 11. Re1 O-O 12. Bg5 h6 13. Bd2 Qc7 14. Bc3 Rad8
15. Qe2 Rfe8 16. Ne5 Be7 17. f4 c5 18. Kh1 cxd4 19. Bxd4 Nb6 20. Rad1 Bc5 21.
Bxc5 Qxc5 22. b3 Qc7 23. h3 Rxd1 24. Rxd1 Rd8 25. Rd3 Rd6 26. Qd2 Nc8 27. b4 b6
28. a4 Kf8 29. Kg1 Ke7 30. Kf1 Nd7 31. Rxd6 Nxd6 32. c5 bxc5 33. Nxd7 Kxd7 34.
b5 Ke7 35. Qc3 f6 36. Ke2 Qb6 37. Kf3 Qb7+ 38. Kf2 c4 39. Qd4 Qc7 40. Ne2 Nf5
41. Qc3 Qc5+ 42. Kf3 Qd5+ 43. Kf2 Nd6 44. Qb4 Kd7 45. Nc3 Qd2+ 46. Kf3 Qd3+ 47.
Kf2 Qxc3 0-1

[Event "XXXV Memorial Edoardo Crespi B"]
[Site "Milano ITA"]
[Date "2014.12.06"]
[Round "3"]
[White "Biffi, Roberto"]
[Black "Lapitan, Eusebio"]
[WhiteElo "1645"]
[BlackElo "1690"]
[Result "1/2-1/2"]
[PlyCount "56"]
[EventDate "2014.12.06"]

1. d4 g6 2. c4 Bg7 3. Nc3 Nf6 4. e4 d6 5. Nf3 O-O 6. Be2 Nbd7 7. O-O c6 8. Qc2
Qc7 9. a4 a5 10. h3 e5 11. d5 Nc5 12. Be3 Na6 13. Rac1 Nb4 14. Qb3 Bd7 15. Rfd1
Ne8 16. c5 Qc8 17. cxd6 c5 18. Nb5 b6 19. Nd2 Bxb5 20. Bxb5 Nxd6 21. Nc4 Qd8
22. Nxd6 Qxd6 23. Rf1 Kh8 24. Kh1 Rad8 25. f4 Qf6 26. f5 Qh4 27. Bd3 Rd6 28.
Bf2 Qe7 1/2-1/2

[Event "XXXV Memorial Edoardo Crespi B"]
[Site "Milano ITA"]
[Date "2014.12.06"]
[Round "3"]
[White "Brisotto, Stefano"]
[Black "Grandi, Jessica"]
[WhiteElo "1472"]
[BlackElo "1512"]
[Result "1/2-1/2"]
[PlyCount "61"]
[EventDate "2014.12.06"]

1. e4 e5 2. Nf3 d6 3. d4 Nd7 4. Nc3 c6 5. Bc4 Nb6 6. Bb3 Bg4 7. h3 Bh5 8. g4
exd4 9. Nxd4 Bg6 10. Nf5 Bxf5 11. exf5 g6 12. fxg6 hxg6 13. Qe2+ Qe7 14. Be3
Bg7 15. Qd2 Bh6 16. O-O-O Bxe3 17. fxe3 O-O-O 18. e4 Nf6 19. Qg2 g5 20. Rhe1
Nfd7 21. Qg3 Nc5 22. Re2 f6 23. Rf1 Nxb3+ 24. axb3 Rdf8 25. Rf5 a6 26. Rd2 Rd8
27. Rdf2 Rh6 28. Qe3 Nd7 29. Na4 Kc7 30. Nc3 Kc8 31. Na4 1/2-1/2

[Event "XXXV Memorial Edoardo Crespi B"]
[Site "Milano ITA"]
[Date "2014.12.06"]
[Round "3"]
[White "Cagnotto, Marco"]
[Black "Costanza, Calogero"]
[WhiteElo "1560"]
[BlackElo "1579"]
[Result "1-0"]
[PlyCount "31"]
[EventDate "2014.12.06"]

1. e4 Nc6 2. d4 d6 3. Be3 Nf6 4. Nc3 e5 5. Nf3 exd4 6. Nxd4 Ne5 7. h3 g6 8. Qd2
h6 9. Be2 Bg7 10. a3 Bd7 11. b4 Qe7 12. b5 b6 13. f4 c5 14. Nb3 c4 15. Nd4 d5
16. fxe5 1-0

[Event "XXXV Memorial Edoardo Crespi B"]
[Site "Milano ITA"]
[Date "2014.12.06"]
[Round "3"]
[White "Calabrese, Maurizio"]
[Black "Benedetti, Mario"]
[WhiteElo "1477"]
[BlackElo "1348"]
[Result "1-0"]
[PlyCount "89"]
[EventDate "2014.12.06"]

1. c4 e5 2. e4 Nf6 3. Nf3 Nc6 4. d3 d6 5. Nc3 a6 6. a3 Bg4 7. Be2 Bxf3 8. Bxf3
Nd4 9. O-O Be7 10. g3 Nxf3+ 11. Qxf3 c6 12. Rd1 Qd7 13. d4 Qh3 14. Qg2 Qxg2+
15. Kxg2 O-O 16. d5 c5 17. f3 Nd7 18. b4 b6 19. Bb2 f5 20. exf5 Rxf5 21. Rf1
Raf8 22. Rae1 Bg5 23. Ne4 Be7 24. f4 exf4 25. g4 f3+ 26. Kg3 R5f7 27. h4 Ne5
28. Bxe5 dxe5 29. d6 Bd8 30. Re3 Rf4 31. Kh3 f2 32. Nd2 h6 33. Rxe5 Bf6 34. Re4
Rxe4 35. Nxe4 Bd8 36. bxc5 bxc5 37. Nxc5 Rf3+ 38. Kg2 Rxa3 39. Rxf2 Bxh4 40.
Re2 Rg3+ 41. Kh2 Rxg4 42. Ne4 Rg6 43. c5 Re6 44. c6 Re8 45. Nf6+ 1-0

[Event "XXXV Memorial Edoardo Crespi B"]
[Site "Milano ITA"]
[Date "2014.12.06"]
[Round "3"]
[White "Carli, Federico"]
[Black "Pandini, Giuseppe"]
[WhiteElo "1671"]
[BlackElo "1712"]
[Result "1/2-1/2"]
[PlyCount "45"]
[EventDate "2014.12.06"]

1. e4 b6 2. d4 e6 3. Nf3 Bb7 4. Bd3 g6 5. O-O Bg7 6. c3 h6 7. Re1 Ne7 8. Bf4 d6
9. Nbd2 Nd7 10. h3 a6 11. a4 O-O 12. e5 d5 13. b4 Rc8 14. Nb3 c5 15. dxc5 bxc5
16. Na5 Qc7 17. Nxb7 Qxb7 18. Qd2 g5 19. Bg3 c4 20. Bc2 Nc6 21. Rab1 Qc7 22.
Qe3 Rb8 23. Kf1 1/2-1/2

[Event "XXXV Memorial Edoardo Crespi B"]
[Site "Milano ITA"]
[Date "2014.12.06"]
[Round "3"]
[White "Casamassima, Paolo"]
[Black "Versari, Marino"]
[WhiteElo "1709"]
[BlackElo "1577"]
[Result "0-1"]
[PlyCount "108"]
[EventDate "2014.12.06"]

1. d4 d5 2. c4 e6 3. Nf3 Nf6 4. Nc3 Be7 5. g3 O-O 6. e3 c6 7. Qc2 Nbd7 8. b3 b6
9. cxd5 cxd5 10. Bg2 Qc7 11. Bb2 Ba6 12. Rc1 Rac8 13. Nd2 b5 14. Qd1 Qb8 15.
O-O b4 16. Ne2 Rxc1 17. Bxc1 Rc8 18. Re1 Bb7 19. f3 a5 20. e4 dxe4 21. Nxe4
Nxe4 22. fxe4 Qa8 23. Nf4 e5 24. Nd5 Bxd5 25. exd5 Bf6 26. Qg4 Qa7 27. Kh1 exd4
28. Bg5 Bxg5 29. Qxg5 Nf6 30. Qe5 Qc5 31. h3 Kf8 32. Rf1 d3 33. Rd1 d2 34. Qf4
Nxd5 35. Bxd5 Qxd5+ 36. Kh2 Rd8 37. h4 Qd3 38. Qg4 g6 39. Kh3 Rd4 40. Qc8+ Kg7
41. Qc5 Rd5 42. Qf2 Qc2 43. Qf3 Rd8 44. Rf1 Rd7 45. Qf6+ Kg8 46. Qe5 d1=Q 47.
Qe8+ Kg7 48. Qe5+ Kf8 49. Qh8+ Ke7 50. Qe5+ Kd8 51. Qxa5+ Qc7 52. Qa8+ Qc8 53.
Qa5+ Rc7+ 54. Kh2 Qxf1 0-1

[Event "XXXV Memorial Edoardo Crespi B"]
[Site "Milano ITA"]
[Date "2014.12.06"]
[Round "3"]
[White "Cerutti, Fabio Maria"]
[Black "Lavorgna, Francesco"]
[WhiteElo "1659"]
[BlackElo "1700"]
[Result "1-0"]
[PlyCount "75"]
[EventDate "2014.12.06"]

1. e4 c6 2. d4 d5 3. Nc3 dxe4 4. Nxe4 Bf5 5. Ng3 Bg6 6. h4 h6 7. Nh3 e6 8. Nf4
Bh7 9. Bc4 Bd6 10. c3 Nf6 11. O-O O-O 12. Re1 Qc7 13. Qf3 Re8 14. Ngh5 Nd5 15.
Nxd5 cxd5 16. Bxd5 Nc6 17. Be4 Bxe4 18. Rxe4 Kh7 19. Rg4 Rg8 20. Qe3 f5 21.
Nxg7 Bf4 22. Rxf4 Qxg7 23. g3 Rge8 24. Qd3 Rad8 25. Bd2 Ne7 26. Re1 Ng6 27. Rf3
Nxh4 28. Rfe3 e5 29. Qb5 e4 30. Kf1 f4 31. Rxe4 Rxe4 32. Rxe4 Qg6 33. Re7+ Kg8
34. Bxf4 Qb1+ 35. Re1 Qf5 36. Qxf5 Nxf5 37. g4 Nh4 38. Bxh6 1-0

[Event "XXXV Memorial Edoardo Crespi B"]
[Site "Milano ITA"]
[Date "2014.12.06"]
[Round "3"]
[White "Cervini, Gian Piero"]
[Black "Vece, Luigi"]
[WhiteElo "1782"]
[BlackElo "1608"]
[Result "1-0"]
[PlyCount "79"]
[EventDate "2014.12.06"]

1. e4 Nf6 2. e5 Nd5 3. d4 d6 4. c4 Nb6 5. f4 g6 6. Nc3 Bg7 7. Be3 O-O 8. Nf3
Bg4 9. h3 Bf5 10. g4 Bd7 11. Qd3 e6 12. g5 dxe5 13. dxe5 Bc6 14. Qe2 Bxf3 15.
Qxf3 Nc6 16. Rd1 Qe7 17. h4 h5 18. gxh6 Bxh6 19. h5 Kg7 20. hxg6 fxg6 21. Qg4
Qf7 22. Bd3 Nxe5 23. Bd4 Bxf4 24. Rf1 Qf6 25. Bxe5 Qxe5+ 26. Ne2 Qa5+ 27. Nc3
Qg5 28. Rxf4 Qe5+ 29. Re4 Qh2 30. Re2 Qh1+ 31. Kd2 Qh6+ 32. Kc2 Rae8 33. Rde1
Rf4 34. Qg2 Nxc4 35. Qxb7 Re7 36. Bxc4 Rxc4 37. Rxe6 Rd7 38. Re7+ Rxe7 39.
Rxe7+ Kf6 40. Re2 1-0

[Event "XXXV Memorial Edoardo Crespi B"]
[Site "Milano ITA"]
[Date "2014.12.06"]
[Round "3"]
[White "Colica, Daniele"]
[Black "Valtemara, Mattia Angelo"]
[WhiteElo "1705"]
[BlackElo "1444"]
[Result "1-0"]
[PlyCount "69"]
[EventDate "2014.12.06"]

1. Nf3 Nf6 2. b3 d5 3. Bb2 c5 4. e3 Nc6 5. Bb5 Bd7 6. O-O e6 7. c4 Be7 8. Bxc6
Bxc6 9. d3 O-O 10. Nbd2 Qc7 11. Qe2 b5 12. Ne5 bxc4 13. bxc4 Bb7 14. f4 Rfd8
15. Ndf3 Qd6 16. Rad1 Nd7 17. Nxf7 Kxf7 18. Ng5+ Bxg5 19. Qh5+ Kg8 20. Qxg5 d4
21. exd4 cxd4 22. Rde1 Nc5 23. Ba3 Ne4 24. Bxd6 Nxg5 25. Be7 Nf7 26. Bxd8 Nxd8
27. f5 Bc8 28. Re4 h6 29. Rxd4 Nf7 30. c5 exf5 31. c6 a5 32. Re1 Kf8 33. c7 g6
34. Rd8+ Kg7 35. Ree8 1-0

[Event "XXXV Memorial Edoardo Crespi B"]
[Site "Milano ITA"]
[Date "2014.12.06"]
[Round "3"]
[White "Crippa, Oscar"]
[Black "Pavlidis, Pavlos"]
[WhiteElo "1681"]
[BlackElo "1626"]
[Result "0-1"]
[PlyCount "24"]
[EventDate "2014.12.06"]

1. e4 c5 2. Nc3 e6 3. g3 Nc6 4. Bg2 Nf6 5. Nge2 Be7 6. d3 O-O 7. O-O d5 8. Nf4
d4 9. Nce2 e5 10. Nh3 Bd7 11. Bg5 Qc8 12. Bxf6 Bxf6 0-1

[Event "XXXV Memorial Edoardo Crespi B"]
[Site "Milano ITA"]
[Date "2014.12.06"]
[Round "3"]
[White "Del Frate, Walter"]
[Black "Confalonieri, Luca"]
[WhiteElo "1536"]
[BlackElo "1699"]
[Result "0-1"]
[PlyCount "66"]
[EventDate "2014.12.06"]

1. e4 e5 2. Nf3 Nc6 3. Bc4 Nf6 4. d4 exd4 5. O-O Bc5 6. e5 d5 7. exf6 dxc4 8.
Re1+ Be6 9. Ng5 Qd5 10. Nc3 Qf5 11. Nce4 O-O-O 12. Nxe6 fxe6 13. g4 Qd5 14.
fxg7 Rhg8 15. Nf6 Qd6 16. Nxg8 Rxg8 17. Bh6 e5 18. g5 Qg6 19. Qg4+ Kb8 20. h4
Qf7 21. Re2 d3 22. cxd3 Nd4 23. Qe4 Nxe2+ 24. Qxe2 cxd3 25. Qd2 Qf5 26. Re1
Qg4+ 27. Kh2 Qxh4+ 28. Kg2 e4 29. Rh1 Qg4+ 30. Kf1 Qf3 31. Kg1 e3 32. Qxe3 Bxe3
33. fxe3 Qxe3+ 0-1

[Event "XXXV Memorial Edoardo Crespi B"]
[Site "Milano ITA"]
[Date "2014.12.06"]
[Round "3"]
[White "Esposito, Giuseppe"]
[Black "Carbone, Lorenzo"]
[WhiteElo "1718"]
[BlackElo "1594"]
[Result "1-0"]
[PlyCount "57"]
[EventDate "2014.12.06"]

1. e4 c5 2. Nf3 d6 3. d4 cxd4 4. Nxd4 Nf6 5. Nc3 a6 6. Bg5 e6 7. f4 Be7 8. Qf3
Qc7 9. O-O-O h6 10. Bxf6 Bxf6 11. g4 b5 12. Bxb5+ axb5 13. Ndxb5 Qb6 14. Nxd6+
Ke7 15. e5 Ra7 16. exf6+ gxf6 17. Rhe1 Bb7 18. Nxb7 Qxb7 19. Qxb7+ Rxb7 20.
Nd5+ Kf8 21. Nxf6 Kg7 22. Nh5+ Kg6 23. Ng3 Rb6 24. h4 Rc8 25. f5+ exf5 26. Nxf5
Kf6 27. Rf1 Rc5 28. Nxh6+ Kg6 29. Nxf7 1-0

[Event "XXXV Memorial Edoardo Crespi B"]
[Site "Milano ITA"]
[Date "2014.12.06"]
[Round "3"]
[White "Fantina, Carla"]
[Black "Figini, Vittorio"]
[WhiteElo "1359"]
[BlackElo "1477"]
[Result "0-1"]
[PlyCount "88"]
[EventDate "2014.12.06"]

1. c4 c5 2. g3 Nc6 3. Bg2 e6 4. Nc3 Be7 5. e3 Nf6 6. Nge2 a6 7. O-O Qc7 8. d3
Rb8 9. a3 b5 10. Nf4 b4 11. Ne4 a5 12. Nh5 Qe5 13. Nexf6+ Bxf6 14. Qg4 g6 15.
Nxf6+ Qxf6 16. f4 Bb7 17. e4 Qd4+ 18. Kh1 O-O 19. Qe2 d6 20. Be3 Qg7 21. Qd2
Nd4 22. Rab1 Nb3 23. Qf2 a4 24. Bf3 Bc8 25. Bd1 Bd7 26. Bxb3 axb3 27. d4 Bc6
28. d5 exd5 29. exd5 Bd7 30. Qd2 Bf5 31. Rbc1 Be4+ 32. Kg1 f5 33. axb4 Rxb4 34.
Qe2 Ra8 35. h3 Ra2 36. Ra1 Rba4 37. Rxa2 Rxa2 38. Bd2 Rxb2 39. Qe3 Qd4 40. Qxd4
cxd4 41. Bb4 Rg2+ 42. Kh1 b2 43. Bxd6 Re2+ 44. Kg1 b1=Q 0-1

[Event "XXXV Memorial Edoardo Crespi B"]
[Site "Milano ITA"]
[Date "2014.12.06"]
[Round "3"]
[White "Galliani, William"]
[Black "Lunghi, Samuele"]
[WhiteElo "1589"]
[BlackElo "1496"]
[Result "1-0"]
[PlyCount "25"]
[EventDate "2014.12.06"]

1. d4 Nf6 2. c4 e6 3. Nc3 Bb4 4. Qc2 b6 5. a3 Bxc3+ 6. bxc3 Nc6 7. e4 Ba6 8.
Bg5 h6 9. Bh4 d6 10. Qa4 Bb7 11. d5 Qd7 12. Bxf6 gxf6 13. dxc6 1-0

[Event "XXXV Memorial Edoardo Crespi B"]
[Site "Milano ITA"]
[Date "2014.12.06"]
[Round "3"]
[White "Guglielmetti, Oscar"]
[Black "Rigotti, Gianluigi"]
[WhiteElo "1669"]
[BlackElo "1564"]
[Result "1-0"]
[PlyCount "37"]
[EventDate "2014.12.06"]

1. Nf3 f5 2. g3 Nf6 3. Bg2 d6 4. d3 g6 5. Nc3 c6 6. O-O Bg7 7. e4 O-O 8. exf5
Bxf5 9. h3 e5 10. Be3 Re8 11. Qd2 d5 12. Bg5 Qd6 13. Rfe1 Qb4 14. Bxf6 Bxf6 15.
Ne4 Be7 16. Nf6+ Kf8 17. Nxe8 Qxd2 18. Nxd2 Kxe8 19. Rxe5 1-0

[Event "XXXV Memorial Edoardo Crespi B"]
[Site "Milano ITA"]
[Date "2014.12.06"]
[Round "3"]
[White "Invernizzi, Ferruccio"]
[Black "Maccari, Piergiuseppe"]
[WhiteElo "1598"]
[BlackElo "1714"]
[Result "1/2-1/2"]
[PlyCount "94"]
[EventDate "2014.12.06"]

1. e4 c5 2. d4 cxd4 3. c3 dxc3 4. Nxc3 Nc6 5. Nf3 d6 6. Bc4 e6 7. O-O Be7 8.
Qe2 Nf6 9. Rd1 e5 10. Bg5 Bg4 11. Bb5 O-O 12. Bxc6 bxc6 13. Rac1 h6 14. Bh4 Rb8
15. b3 Rb7 16. h3 Bxf3 17. Qxf3 Rd7 18. Na4 Qc7 19. Bxf6 Bxf6 20. Nb2 Rfd8 21.
Qc3 d5 22. exd5 e4 23. Qxc6 Qa5 24. Na4 Rxd5 25. Rxd5 Qxd5 26. Qxd5 Rxd5 27.
Nc3 Bxc3 28. Rxc3 Rd1+ 29. Kh2 Rd2 30. a3 Rxf2 31. Rc7 Rb2 32. b4 f5 33. Rxa7
e3 34. Re7 f4 35. h4 Kf8 36. Re4 g5 37. hxg5 hxg5 38. Kh3 Kg7 39. g3 fxg3 40.
Kxg3 Rb3 41. Kf3 Rxa3 42. Rxe3 Ra4 43. Rb3 Kf6 44. b5 Ke5 45. b6 Ra8 46. Kg4
Rb8 47. Kxg5 Kd6 1/2-1/2

[Event "XXXV Memorial Edoardo Crespi B"]
[Site "Milano ITA"]
[Date "2014.12.06"]
[Round "3"]
[White "Lamperti, Gianloris"]
[Black "Poletto, Daniele"]
[WhiteElo "1700"]
[BlackElo "1709"]
[Result "0-1"]
[PlyCount "100"]
[EventDate "2014.12.06"]

1. d4 Nf6 2. c4 g6 3. Nc3 Bg7 4. e4 d6 5. f3 O-O 6. Bd3 e5 7. d5 Nh5 8. Nge2 f5
9. Be3 f4 10. Bf2 Nd7 11. g4 fxg3 12. Nxg3 Nf4 13. Bf1 a5 14. h4 h5 15. Nge2
Nc5 16. Nxf4 Rxf4 17. Qe2 Bd7 18. O-O-O Qe7 19. Bh3 Raf8 20. Bxc5 dxc5 21. Bxd7
Qxd7 22. Qg2 Kh7 23. Rh3 Qf7 24. Rg1 Bh6 25. Kd1 Rg8 26. Ne2 Rf6 27. Qg3 Bf4
28. Nxf4 Rxf4 29. Ke2 Qd7 30. b3 a4 31. Rh2 axb3 32. axb3 b5 33. Qg5 Qf7 34.
Rh3 bxc4 35. Qxe5 cxb3 36. Rc1 Re8 37. Qc3 Qxd5 38. Qxc5 Qxc5 39. Rxc5 Rb8 40.
Rxc7+ Kh6 41. Rc1 b2 42. Rb1 Rb3 43. Kd2 Rbxf3 44. Rxf3 Rxf3 45. Rxb2 Rf2+ 46.
Kc3 Rxb2 47. Kxb2 g5 48. hxg5+ Kxg5 49. Kc3 h4 50. Kd4 h3 0-1

[Event "XXXV Memorial Edoardo Crespi B"]
[Site "Milano ITA"]
[Date "2014.12.06"]
[Round "3"]
[White "Libutti, Michele"]
[Black "Viotti, Alberto"]
[WhiteElo "1764"]
[BlackElo "1583"]
[Result "1-0"]
[PlyCount "89"]
[EventDate "2014.12.06"]

1. d4 Nf6 2. c4 e6 3. Nc3 Bb4 4. e3 O-O 5. Nf3 b6 6. Bd3 Bb7 7. O-O Bxc3 8.
bxc3 d6 9. Re1 Be4 10. Qc2 Bxf3 11. gxf3 d5 12. e4 dxe4 13. fxe4 Ng4 14. f3 Nh6
15. Qg2 Kh8 16. Kh1 Nd7 17. Rg1 Rg8 18. Qh3 Ne5 19. Be2 Ng6 20. Bg5 Qd7 21. Rg3
Qd6 22. e5 Qa3 23. Rc1 Ne7 24. Bd3 Nef5 25. Rg2 Qa4 26. d5 Qd7 27. Be4 Rac8 28.
Rd1 Qa4 29. Rgd2 Qxc4 30. d6 cxd6 31. exd6 Rcd8 32. Bxd8 Rxd8 33. Bxf5 Nxf5 34.
Rd3 Qc6 35. Qg4 b5 36. Qe4 Qd7 37. Qb4 h6 38. Qa5 Rc8 39. Qb4 Rd8 40. Qc5 Rc8
41. Qb4 Rd8 42. Rc1 Rc8 43. c4 Qc6 44. c5 Rd8 45. Qe4 1-0

[Event "XXXV Memorial Edoardo Crespi B"]
[Site "Milano ITA"]
[Date "2014.12.06"]
[Round "3"]
[White "Luscenkovs, Artjoms"]
[Black "Forti, Francesco"]
[WhiteElo "1712"]
[BlackElo "1576"]
[Result "1-0"]
[PlyCount "35"]
[EventDate "2014.12.06"]

1. d4 d5 2. Bg5 Bf5 3. e3 Nf6 4. Bxf6 exf6 5. c4 c6 6. Qb3 dxc4 7. Bxc4 Qd7 8.
Nd2 Be6 9. Ne2 Bxc4 10. Nxc4 Bd6 11. Qxb7 Qe6 12. Nxd6+ Qxd6 13. O-O O-O 14.
Qxa8 Qc7 15. Rac1 Rc8 16. d5 c5 17. d6 Qd7 18. Qd5 1-0

[Event "XXXV Memorial Edoardo Crespi B"]
[Site "Milano ITA"]
[Date "2014.12.06"]
[Round "3"]
[White "Madaschi, Sergio"]
[Black "Frignani, Alessandro"]
[WhiteElo "1498"]
[BlackElo "1389"]
[Result "0-1"]
[PlyCount "96"]
[EventDate "2014.12.06"]

1. d4 d5 2. c4 c6 3. e3 Nf6 4. Nc3 b6 5. Nf3 Nbd7 6. Bd3 h6 7. O-O e6 8. Re1
Ba6 9. cxd5 Bxd3 10. Qxd3 Nxd5 11. Nxd5 cxd5 12. Bd2 Bd6 13. Rac1 O-O 14. Rc2
Rc8 15. Rec1 Rxc2 16. Rxc2 Qb8 17. g3 Nf6 18. Bc1 Ne4 19. Nd2 Nf6 20. f4 h5 21.
Nf3 Ne4 22. Kg2 f5 23. Qe2 Rf6 24. Nd2 Nxd2 25. Bxd2 g6 26. h4 Rf7 27. Qd3 Qb7
28. Qb3 Rc7 29. a3 Rxc2 30. Qxc2 Qc7 31. Qa4 Kf7 32. Kf3 a5 33. Qb3 Qc6 34. Qc3
Qxc3 35. Bxc3 Ke7 36. Ke2 a4 37. Kd3 Kd7 38. Kc2 Kc6 39. Kb1 Kb5 40. Kc2 Kc4
41. Kc1 Kd3 42. Bd2 Ke2 43. Kc2 Kf3 44. Bb4 Bxb4 45. axb4 b5 46. Kd3 Kxg3 47.
Ke2 Kxh4 48. Kf3 Kh3 0-1

[Event "XXXV Memorial Edoardo Crespi B"]
[Site "Milano ITA"]
[Date "2014.12.06"]
[Round "3"]
[White "Mapelli, Davide"]
[Black "Torelli, Mauro"]
[WhiteElo "1576"]
[BlackElo "1702"]
[Result "1-0"]
[PlyCount "89"]
[EventDate "2014.12.06"]

1. e4 e6 2. d4 d5 3. exd5 exd5 4. Bd3 Nf6 5. Nf3 Bg4 6. O-O Be7 7. Bg5 O-O 8.
Nbd2 h6 9. Be3 Nc6 10. c3 a6 11. Qc2 b5 12. Rfe1 Na5 13. b3 Rc8 14. Ne5 Be6 15.
Ndf3 c6 16. Bf5 Bxf5 17. Qxf5 Nb7 18. Nd2 Nd6 19. Qh3 Nfe4 20. Bf4 Bg5 21. Bxg5
Qxg5 22. Nxe4 Nxe4 23. Re3 h5 24. Rf3 Nd6 25. Nd7 Rfd8 26. Rg3 Qf5 27. Qxf5
Nxf5 28. Nf6+ Kh8 29. Rg5 g6 30. g4 Nh4 31. Kf1 Nf3 32. Re5 Nxe5 33. dxe5 hxg4
34. Nxg4 Re8 35. Re1 Re6 36. f4 Rce8 37. h4 Rd8 38. Kf2 d4 39. Rd1 c5 40. Kf3
Ree8 41. c4 bxc4 42. bxc4 Rb8 43. Rd2 Rb4 44. Nf6 Rxc4 45. Nxe8 1-0

[Event "XXXV Memorial Edoardo Crespi B"]
[Site "Milano ITA"]
[Date "2014.12.06"]
[Round "3"]
[White "Orlandini, Andrea"]
[Black "Pirovano, Ezio"]
[WhiteElo "1637"]
[BlackElo "1528"]
[Result "1-0"]
[PlyCount "65"]
[EventDate "2014.12.06"]

1. e4 e5 2. Nf3 Nc6 3. Bb5 a6 4. Ba4 Nf6 5. O-O Be7 6. Re1 b5 7. Bb3 d6 8. c3
O-O 9. d4 Bg4 10. d5 Na5 11. Bc2 Rc8 12. h3 Bh5 13. Nbd2 c6 14. dxc6 Nxc6 15.
Nf1 Bxf3 16. Qxf3 Re8 17. Ne3 Bf8 18. Nd5 Nxd5 19. exd5 Ne7 20. a4 Qb6 21. Be3
Qb7 22. axb5 axb5 23. Red1 Ra8 24. Be4 Rxa1 25. Rxa1 Ra8 26. Rd1 Qc8 27. Qe2
Rb8 28. g4 f5 29. gxf5 Nxf5 30. Qd3 g6 31. Kh2 Qc4 32. Bxf5 Qxd3 33. Bxd3 1-0

[Event "XXXV Memorial Edoardo Crespi B"]
[Site "Milano ITA"]
[Date "2014.12.06"]
[Round "3"]
[White "Pasini, Nicolo'"]
[Black "Pili, Giangiuseppe"]
[WhiteElo "1631"]
[BlackElo "1678"]
[Result "1-0"]
[PlyCount "83"]
[EventDate "2014.12.06"]

1. e4 c6 2. Nc3 d5 3. Nf3 dxe4 4. Nxe4 Nd7 5. d4 Ngf6 6. Nxf6+ Nxf6 7. Bc4 Bg4
8. Ne5 Qa5+ 9. Bd2 Qxe5+ 10. dxe5 Bxd1 11. Rxd1 Nd5 12. O-O e6 13. a3 Be7 14.
Ba2 O-O-O 15. c4 Nc7 16. Be3 b6 17. f3 c5 18. Kf2 h6 19. Ke2 Na6 20. Bb1 Nb8
21. Bd2 Rd4 22. b3 Rhd8 23. Bc3 R4d7 24. Rxd7 Rxd7 25. Rd1 g6 26. Rxd7 Kxd7 27.
Be4 Nc6 28. Kd3 a6 29. g4 Bg5 30. Bxc6+ Kxc6 31. Ke4 b5 32. f4 Be7 33. Be1 f5+
34. exf6 Bxf6 35. f5 gxf5+ 36. gxf5 e5 37. Bd2 h5 38. Bh6 Bh8 39. Bg5 Kd6 40.
h3 Bg7 41. f6 Bf8 42. Kf5 1-0